Statistics for Countries Closest to Burkina Faso

Click here to take the quiz!

General Stats

  • This quiz has been taken 275 times
  • The average score is 19 of 20

Answer Stats

kmcountrymiles% Correct
0Mali0
98%
0Ghana0
98%
0Togo0
98%
0Niger0
98%
129Nigeria80
98%
0Côte d'Ivoire0
98%
0Benin0
97%
267Guinea166
97%
613Algeria381
96%
1237Chad769
95%
940Gambia584
95%
277Mauritania172
94%
450Liberia280
94%
658Senegal409
94%
973Cameroon604
94%
900Guinea-Bissau559
93%
566Sierra Leone352
92%
1296Western Sahara
(Morocco)
805
92%
1235São Tomé
and Príncipe
767
80%
1124Equatorial Guinea699
77%

Score Distribution

Percentile by Number Answered

Percent of People with Each Score

Your Score History

You have not taken this quiz